000 00359nam a2200133Ia 4500
005 20260328101446.0
008 260328s9999||||xx |||||||||||||| ||und||
100 _aSotillo, Álvaro
245 0 _aLa Emblemática de Gerd Leufert /
_cÁlvaro Sotillo
260 _bGalería de Arte Nacional de Caracas
300 _a110 p.
650 _aDISEÑADORES
942 _cBK
999 _c8489
_d8489